Catalog

Record Details

Catalog Search



Available copies

  • 5 of 6 copies available at LARL/NWRL Consortium.
  • 1 of 2 copies available at Lake Agassiz Regional Library. (Show preferred library)

Current holds

0 current holds with 6 total copies.

Show Only Available Copies
Location Call Number / Copy Notes Barcode Shelving Location Status Due Date
Ada Public Library C KIN (Text) 33500010938595 Main Checked out 07/22/2026
Crookston Public Library C KIN (Text) 33500010944593 Main Available -
Godel Memorial-Warren Library KIN (Text) 35500005137813 Main Available -
Hallock Public Library KIN (Text) 35500005137920 Main Available -
Red Lake Falls Public Library KIN (Text) 35500005137938 Main Available -
Thief River Falls Public Library KIN (Text) 35500005140387 Main Available -

Record details

  • ISBN: 9781451647037
  • ISBN: 1451647034
  • Physical Description: 320 p. ; 22 cm.
  • Edition: 1st Howard Books hardcover ed.
  • Publisher: New York : Howard Books, 2013.

Content descriptions

General Note:
Includes excerpt from the author's upcoming novel, Fifteen Minutes.
Summary, etc.:
Vowing to meet eleven years after sealing letters ... Read More
Subject: Man-woman relationships > Fiction.
Friendship > Fiction.
Faith > Fiction.
Genre: Love stories.
Christian fiction.
LDR 03142cam a22005418a 4500
001147515
003LARL_NWRL_CONSORTIUM
00520130305171355.0
008120725s2013 nyu 000 1 eng
010 . ‡a2012027411
020 . ‡a9781451647037
020 . ‡a1451647034
020 . ‡z9781451647044 (ebook)
035 . ‡a(OCoLC)800024720
040 . ‡aDLC ‡beng ‡cDLC ‡dBTCTA ‡dBDX ‡dUPZ ‡dCXP ‡dABG ‡dJP3
05000. ‡aPS3561.I4873 ‡bC47 2013
08200. ‡a813/.54 ‡223
1001 . ‡aKingsbury, Karen. ‡0(LARL_NWRL_CONSORTIUM)140265
24514. ‡aThe chance / ‡cKaren Kingsbury.
250 . ‡a1st Howard Books hardcover ed.
260 . ‡aNew York : ‡bHoward Books, ‡c2013.
300 . ‡a320 p. ; ‡c22 cm.
500 . ‡aIncludes excerpt from the author's upcoming novel, Fifteen Minutes.
520 . ‡aVowing to meet eleven years after sealing letters they wrote to each other in an old metal box, best friends Ellie and Nolan both have reservations about seeing each other again as loneliness, personal tragedies, and a lack of faith haunt both of them.
650 0. ‡aMan-woman relationships ‡vFiction. ‡0(LARL_NWRL_CONSORTIUM)165985
650 0. ‡aFriendship ‡vFiction. ‡0(LARL_NWRL_CONSORTIUM)164944
650 0. ‡aFaith ‡vFiction. ‡0(LARL_NWRL_CONSORTIUM)169332
655 7. ‡aLove stories. ‡2gsafd
655 7. ‡aChristian fiction. ‡2gsafd
948 . ‡hHELD BY LAL - 444 OTHER HOLDINGS
994 . ‡aZ0 ‡bLAL
901 . ‡a147515 ‡bOCLC ‡c147515 ‡tbiblio

Additional Resources